Ricostruisci la Carriera del Calciatore - Henrikh Mkhitaryan - Statistics

Statistiche generali
  • Questo quiz è stato fatto 7 volte
  • Il punteggio medio è 6 su 8
Statistiche sulle risposte
Hint Risposta % Corretto
2022- Inter
100%
2018-2019 Arsenal
83%
2009-2010 Metalurh Donec'k
83%
2019-2022 Roma
83%
2010-2013 Šachtar
83%
2016-2018 Manchester Utd
67%
2006-2009 P'yownik
67%
2013-2016 Borussia Dortmund
50%
Nessun quiz corrispondente trovato
Distribuzione punteggi
Percentuale di utenti per punteggio
Percentile per numero di risposta
I tuoi punteggi nel tempo
Non hai fatto questo quiz